請問呂律師 : 關於愛與婚姻的練習題
| 資料類型: | 圖書 | 書目號: | 51687 |
Leader xxxxxxxxxx 001 __ 102492/0/01 005 __ 20171120175613.050 010 0_ |a978-986-342-888-6|b平裝|d新臺幣380元 020 __ |atw|b106013798 042 __ |anbic 100 __ |a20171120d2017 km y0chiy50 e 101 0_ |achi 102 __ |atw 105 __ |ay z 000yy 200 1_ |a請問呂律師|e關於愛與婚姻的練習題|f呂秋遠著 210 __ |a臺北市|c三采文化|d2017[民106] 215 0_ |a335面|d21公分 225 12 |aMind map|v142 517 1_ |a關於愛與婚姻的練習題|zchi 606 __ |2cst|a婚姻 606 __ |2cst|a兩性關係 681 __ |a544.3|b8597 700 _1 |a呂|b秋遠|4著 801 _0 |atw|bLibDipper|c20171120|gCCR |